| 000 | 00591nam a2200181 4500 | ||
|---|---|---|---|
| 999 |
_c348 _d348 |
||
| 001 | 397 | ||
| 005 | 20190909113321.0 | ||
| 008 | 190909b ||||| |||| 00| 0 eng d | ||
| 020 | 0 | 0 | _a9789993630012 |
| 090 | 0 | 0 | _a459.45 C5457f 2009 |
| 100 | 0 | 0 | _aChogyal, Jigme |
| 245 | 0 | 0 |
_aདུས་ཀྱི་རྣག་གཞག་རིག་པའི་དྭངས་ཤེལ་ཞེས་བྱ་བ་བཞུགས་སོ། _cJigme Chogyal. |
| 300 | 0 | 0 | _a271 p. |
| 500 | 0 | 0 | _aIn Dzongkha. |
| 650 | 0 | 0 | _aDzongkha language --Verb. |
| 650 | 0 | 0 | _aDzongkha language. |
| 942 |
_2ddc _cDZONGKHA |
||